| 000 | 00610nam a22002057a 4500 | ||
|---|---|---|---|
| 003 | 0 | ||
| 005 | 20230927115613.0 | ||
| 008 | 230927b xxu||||| |||| 00| 0 eng d | ||
| 020 | _a978-1-98465-923-1 | ||
| 050 |
_aBF 637.C6 _b.T413 2022 |
||
| 110 | _a3G E-Learning | ||
| 245 |
_aIntroduction to counselling _c3G E-Learning |
||
| 250 | _a2nd edition | ||
| 260 |
_aNew York _b3G E-Learning, LLC _cc2022. |
||
| 300 |
_axiv, 416 pages : _bcol. ill. ; _c26cm. |
||
| 500 | _aCounselling. | ||
| 504 | _aIncludes bibliographical references, glossary, and index. | ||
| 650 | _aCounselling | ||
| 942 |
_2lcc _cBK |
||
| 999 |
_c365416 _d365416 |
||